Country Flags by Picture - Statistics

General Stats
  • This quiz has been taken 40 times
  • The average score is 15 of 16
Answer Stats
Picture Answer % Correct
Australia
100%
Brazil
100%
China
100%
Greece
100%
Israel
100%
South Korea
100%
United Kingdom
100%
United States
100%
France
97%
Ireland
97%
New Zealand
95%
North Korea
89%
Russia
89%
Pakistan
86%
DR Congo
78%
Indonesia
78%
No matching quizzes found
Score Distribution
Percent of People with Each Score
Percentile by Number Answered
Your Score History
You have not taken this quiz